| 000 | 00500cam a2200193ua 4500 | ||
|---|---|---|---|
| 001 | 3860 | ||
| 008 | 111206n ii |||gr||||Z||||||asm | ||
| 020 | _a81-89003-13-5 | ||
| 040 | _cMAIN | ||
| 082 | _a891.4511 | ||
| 100 | 1 |
_aDeka, Harekrishna, _eEditor. |
|
| 245 | 1 | 1 |
_aTarun prajanma kabita _ced. Aneswaby Harekrishna Deka |
| 250 | _a1st. | ||
| 260 |
_aGuwahati: _bAneskha prakashan, _c2005. |
||
| 300 |
_a203p: _c23cm. |
||
| 653 | _aAssamese poem | ||
| 653 | _aTarun prajanma kabita | ||
| 942 | _cBK | ||
| 999 |
_c3683 _d3683 |
||